00575nam a2200169Ia 4500008004100000100001600041245011600057245002400173260000900197300002300206440005000229500001100279650004500290650002000335650002400355650002600379170725s9999 xx 000 0 und d aZhenhui Rao aNative and Non-native Teachers’ Perceptions of Error Gravity: The Effects of Cultural and Educational Factors cZhenhui Rao, Xin Li c2017 apages 51-59, April aThe Asia-Pacific Education Researcherv26:1-2 aCJ0033 aCULTURAL FACTORS, EDUCATIONAL BACKGROUND aNATIVE TEACHERS aNON-NATIVE TEACHERS aPERCEPTIONS OF ERRORS